Attack On Titan Character Quiz! - Statistics

General Stats
  • This quiz has been taken 97 times
  • The average score is 13 of 15
Answer Stats
Hint Answer % Correct
TITANS Eren
99%
Horse Face Jean
98%
Señorita Mikasa
98%
Potato Girl Sasha
98%
Coconut/Armout Armin
96%
Lesbian Freckles Ymir
95%
Angry Windex Maid Levi
93%
Bipolar Reiner
92%
Avatar Connie
87%
Eyebrows Erwin
87%
Nose Annie
86%
EXPERIMENTS!!! Hange
86%
50% Marco
64%
Godess Krista
54%
Hangs Out With Bipolar/Tall Boi Bertoldt
40%
No matching quizzes found
Score Distribution
Percent of People with Each Score
Percentile by Number Answered
Your Score History
You have not taken this quiz